000 00650nam a2200217Ia 4500
003 IN-BaIIA
008 211028s9999 xx 000 0 eng d
020 _a0-521-29180-1
040 _cIIA Library
080 _a521.9
_bSMA
100 _aSmart, W. M.
_91092
245 0 _aTextbook on spherical astronomy
_cW. M. Smart
250 _a6th ed.
260 _aCambridge
_bCambridge University Press
_c1977
300 _a431p.
650 _aOccultations and Eclipses
_927568
650 _aParallox
_927569
650 _aSpherical Trignometry
_91682
650 _aThe Celestial Sphere
_927570
942 _cBK
999 _c15110
_d15110